| 000 | 00513nam a2200205Ia 4500 | ||
|---|---|---|---|
| 003 | OSt | ||
| 005 | 20230506131006.0 | ||
| 008 | 210423s2005 xx 000 0 und d | ||
| 020 | _a19567412 | ||
| 040 | _cAL | ||
| 041 | _aeng | ||
| 082 |
_a547.1223 _223 _bROBM |
||
| 100 |
_aROBINSON (Michael J T). _999429 |
||
| 245 | _aOrganic stereochemistry. | ||
| 260 |
_aNew York _bOxford University Press _c2005 |
||
| 300 |
_a89 _bPB |
||
| 365 |
_b125 _cINR |
||
| 906 | _aOrganic ; stereochemistry | ||
| 942 |
_2ddc _cBK |
||
| 999 |
_c163767 _d163767 |
||